Las 100 ciudades más pobladas de Colombia en un mapa - Estadísticas

Estadísticas generales
  • Esta prueba ha sido intentada 1.279 veces
  • La puntuación promedio es 44 de 100
Respuestas en el mapa
Las respuestas están codificadas por una escala verde-roja en el mapa de la prueba según el % correcto abajo.
 
Estadísticas de respuestas
Población Ciudad % Correcto
7.876.000 Bogotá
99%
2.553.600 Medellín
97%
2.234.400 Cali
93%
1.322.900 Barranquilla
90%
931.500 Cartagena
85%
496.800 Santa Marta
75%
605.000 Bucaramanga
73%
777.400 Cúcuta
71%
319.700 Pasto
70%
406.700 Pereira
68%
531.600 Villavicencio
64%
503.600 Ibagué
63%
430.300 Manizales
63%
490.300 Valledupar
63%
407.500 Montería
62%
300.200 Armenia
61%
121.700 Quibdó
60%
163.500 Riohacha
60%
778.400 Soacha
60%
354.800 Neiva
59%
278.000 Popayán
59%
177.700 Tunja
59%
85.300 Arauca
57%
249.700 Buenaventura
57%
273.100 Sincelejo
57%
546.900 Bello
55%
238.600 Envigado
55%
675.100 Soledad
55%
133.900 Chía
52%
273.400 Itagüí
52%
157.300 Florencia
51%
80.400 Ipiales
51%
285.400 Palmira
51%
164.900 Yopal
50%
188.200 Barrancabermeja
49%
95.200 Rionegro
49%
115.600 Girardot
48%
89.700 Tumaco
47%
114.100 Buga
45%
323.300 Floridablanca
45%
131.900 Zipaquirá
45%
128.600 Madrid
44%
121.300 Sogamoso
44%
190.000 Tuluá
43%
58.500 Turbo
43%
144.100 Fusagasugá
42%
130.000 Maicao
40%
138.200 Cartago
39%
117.200 Duitama
39%
215.600 Dosquebradas
38%
109.900 Funza
38%
149.500 Mosquera
38%
77.900 Pitalito
38%
78.900 Sabaneta
38%
110.700 Apartadó
37%
142.000 Jamundí
37%
94.400 Yumbo
37%
156.000 Facatativá
36%
155.700 Girón
36%
70.500 Cajicá
35%
70.000 Caldas
35%
116.700 Ciénaga
35%
55.100 San Gil
35%
53.600 Santander de Quilichao
35%
158.200 Piedecuesta
34%
67.500 Santa Rosa de Cabal
34%
67.500 La Estrella
33%
121.000 Ocaña
32%
109.800 Aguachica
31%
53.200 Chiquinquirá
31%
72.300 Acacías
30%
86.700 Caucasia
30%
69.300 Copacabana
30%
52.500 Pamplona
30%
59.500 Calarcá
29%
61.500 La Ceja
29%
66.200 La Dorada
29%
133.200 Malambo
29%
54.500 Santa Cruz de Lorica
29%
104.600 Turbaco
29%
50.500 Marinilla
28%
112.000 Villa del Rosario
28%
62.100 Cereté
26%
52.800 Chigorodó
26%
62.800 Granada
26%
98.300 Magangué
26%
62.600 Fundación
25%
77.600 Sabanalarga
25%
54.300 El Espinal
23%
100.500 Los Patios
23%
55.500 Sahagún
23%
52.800 Plato
22%
60.900 Villamaría
22%
63.500 Montelíbano
21%
54.500 Agustín Codazzi
20%
58.500 Arjona
20%
52.900 Corozal
20%
54.500 El Carmen de Bolívar
20%
57.600 Baranoa
19%
63.100 Galapa
18%
No se encontraron pruebas coincidentes
Distribución de puntuación
Porcentaje de gente con cada puntuación
Porcentaje por número respondido
Historial de tus puntuaciones
No has intentado esta prueba.